<?xml version="1.0" encoding="UTF-8"?><?xml-stylesheet type="text/xsl" href="static/style.xsl"?><OAI-PMH xmlns="http://www.openarchives.org/OAI/2.0/" xmlns:xsi="http://www.w3.org/2001/XMLSchema-instance" xsi:schemaLocation="http://www.openarchives.org/OAI/2.0/ http://www.openarchives.org/OAI/2.0/OAI-PMH.xsd"><responseDate>2026-06-03T08:26:26Z</responseDate><request verb="GetRecord" identifier="oai:riuma.uma.es:10630/40294" metadataPrefix="marc">https://riuma.uma.es/rest/oai/request</request><GetRecord><record><header><identifier>oai:riuma.uma.es:10630/40294</identifier><datestamp>2026-02-03T11:32:43Z</datestamp><setSpec>com_10630_2254</setSpec><setSpec>col_10630_37953</setSpec></header><metadata><record xmlns="http://www.loc.gov/MARC21/slim" xmlns:dcterms="http://purl.org/dc/terms/" xmlns:doc="http://www.lyncode.com/xoai" xmlns:xsi="http://www.w3.org/2001/XMLSchema-instance" xsi:schemaLocation="http://www.loc.gov/MARC21/slim http://www.loc.gov/standards/marcxml/schema/MARC21slim.xsd">
   <leader>00925njm 22002777a 4500</leader>
   <datafield ind2=" " ind1=" " tag="042">
      <subfield code="a">dc</subfield>
   </datafield>
   <datafield ind2=" " ind1=" " tag="720">
      <subfield code="a">Guarinos, Virginia</subfield>
      <subfield code="e">author</subfield>
   </datafield>
   <datafield ind2=" " ind1=" " tag="720">
      <subfield code="a">Sedeño-Valdellós, Ana María</subfield>
      <subfield code="e">author</subfield>
   </datafield>
   <datafield ind2=" " ind1=" " tag="260">
      <subfield code="c">2020</subfield>
   </datafield>
   <datafield ind2=" " ind1=" " tag="520">
      <subfield code="a">El trabajo se enfoca a realizar un análisis narrativo y formal-estético del videoclip de enfoque social mediante una&#xd;
muestra de diez videoclips de los últimos años. Se realiza una descripción de este formato audiovisual siguiendo una&#xd;
revisión de los escasos trabajos académicos que han abordado la música popular como fuente de reflexión sobre&#xd;
temáticas de tipo social y formas de representación de resistencia social. La metodología emplea el análisis temático,&#xd;
estético y la medida del ASL (&#xd;
Average Shot Lenght o media de duración de plano) como criterios de estudio. Los&#xd;
resultados apuntan a una caracterización del videoclip con temáticas sociales centrándolo en personajes, con un tipo&#xd;
de puesta en escena, junto a ciertos tipos de correspondencia entre ritmo de cambio visual y pulso musical.</subfield>
   </datafield>
   <datafield ind1="8" ind2=" " tag="024">
      <subfield code="a">Guarinos, V. y Sedeño-Valdellós, A. (2020): “El videoclip social. Análisis de su narrativa y estética”, methaodos. revista de ciencias sociales, 8 (1): 120-129. http://dx.doi.org/10.17502/m.rcs.v8i1.329</subfield>
   </datafield>
   <datafield ind1="8" ind2=" " tag="024">
      <subfield code="a">https://hdl.handle.net/10630/40294</subfield>
   </datafield>
   <datafield ind1="8" ind2=" " tag="024">
      <subfield code="a">10.17502/m.rcs.v8i1.329</subfield>
   </datafield>
   <datafield tag="653" ind2=" " ind1=" ">
      <subfield code="a">Música - Estética</subfield>
   </datafield>
   <datafield ind2="0" ind1="0" tag="245">
      <subfield code="a">El videoclip social. Análisis de su narrativa y estética</subfield>
   </datafield>
</record>
</metadata></record></GetRecord></OAI-PMH>